[Event "New York/Lyon (m/24)"]
[Site "?"]
[Date "1990.??.??"]
[Round "?"]
[White "Kasparov, Garry"]
[Black "Karpov, An"]
[Result "1/2-1/2"]
[WhiteElo "2800"]
[BlackElo "2730"]
[PlyCount "71"]
[EventDate "1990.??.??"]
[Source "ChessBase"]
[SourceDate "1990.07.01"]

1. Nf3 Nf6 2. c4 e6 3. Nc3 Bb4 4. Qc2 O-O 5. a3 Bxc3 6. Qxc3 b6 7. b4 d6 8. Bb2 Bb7 9. g3 c5 10. Bg2 Nbd7 11. O-O Rc8 12. d3 Re8 13. e4 a6 14. Qb3 b5 15. Nd2 Rb8 16. Rfc1 Ba8 17. Qd1 Qe7 18. cxb5 axb5 19. Nb3 e5 20. f3 h5 21. bxc5 dxc5 22. a4 h4 23. g4 c4 24. dxc4 bxa4 25. Ba3 Qd8 26. Nc5 Bc6 27. Nxa4 Nh7 28. Nc5 Ng5 29. Nxd7 Bxd7 30. Rc3 Qa5 31. Rd3 Ba4 32. Qe1 Qa6 33. Bc1 Ne6 34. Rda3 Nc5 35. Be3 Qd6 36. Rxa4 1/2-1/2

[Event "Lyon FRA"]
[Site "Lyon FRA"]
[Date "1991.??.??"]
[Round "?"]
[White "Kasparov, Gary"]
[Black "Karpov, Anatoly"]
[Result "1/2-1/2"]
[WhiteElo "2800"]
[BlackElo "2725"]
[PlyCount "69"]
[EventDate "1991.??.??"]
[Source "www.chesslib.no"]
[SourceDate "2004.05.04"]

1. Nf3 Nf6 2. c4 e6 3. Nc3 Bb4 4. Qc2 O-O 5. a3 Bxc3 6. Qxc3 b6 7. b4 d6 8. Bb2 Bb7 9. g3 c5 10. Bg2 Nbd7 11. O-O Rc8 12. d3 Re8 13. e4 a6 14. Qb3 b5 15. Nd2 Rb8 16. Rfc1 Ba8 17. Qd1 Qe7 18. cxb5 axb5 19. Nb3 e5 20. f3 h5 21. bxc5 dxc5 22. a4 c4 23. dxc4 bxa4 24. Ba3 Qd8 25. Nc5 Bc6 26. Nxa4 Nh7 27. Nc5 Ng5 28. Nxd7 Bxd7 29. Rc3 Qa5 30. Rd3 Ba4 31. Qe1 Qa6 32. Bc1 Ne6 33. Rda3 Nc5 34. Be3 Qd6 35. Rxa4 1/2-1/2

[Event "Dos Hermanas"]
[Site "?"]
[Date "1997.??.??"]
[Round "?"]
[White "Kramnik, Vladimir"]
[Black "Karpov, An"]
[Result "1-0"]
[WhiteElo "2740"]
[BlackElo "2760"]
[PlyCount "69"]
[EventDate "1997.??.??"]
[Source "ChessBase"]
[SourceDate "1997.02.01"]

1. Nf3 Nf6 2. c4 e6 3. Nc3 Bb4 4. Qc2 O-O 5. a3 Bxc3 6. Qxc3 b6 7. b4 Bb7 8. Bb2 d6 9. e3 Nbd7 10. d4 Ne4 11. Qb3 a5 12. Be2 axb4 13. axb4 Rxa1+ 14. Bxa1 Ndf6 15. O-O Qd7 16. Bb2 Ra8 17. b5 c6 18. bxc6 Qxc6 19. Rc1 Nd7 20. Ne1 Qa4 21. Qxa4 Rxa4 22. f3 Nef6 23. Bd1 Ra2 24. Nd3 Kf8 25. Bb3 Ra8 26. e4 Nb8 27. c5 bxc5 28. dxc5 dxc5 29. Nxc5 Bc8 30. e5 Ne8 31. Ba4 Nc7 32. Ba3 Kg8 33. Ne4 Rxa4 34. Rxc7 Ba6 35. Nc5 1-0

[Event "New York (m/2)"]
[Site "?"]
[Date "1994.??.??"]
[Round "?"]
[White "Kramnik, Vladimir"]
[Black "Kamsky, G."]
[Result "0-1"]
[WhiteElo "2710"]
[BlackElo "2695"]
[PlyCount "76"]
[EventDate "1994.??.??"]
[Source "ChessBase"]
[SourceDate "1994.06.01"]

1. Nf3 Nf6 2. c4 e6 3. Nc3 Bb4 4. g3 O-O 5. Bg2 c5 6. O-O Nc6 7. d4 cxd4 8. Nxd4 Qe7 9. Nc2 Bxc3 10. bxc3 Rd8 11. Ba3 d6 12. Rb1 Qc7 13. Nd4 Nxd4 14. cxd4 Qxc4 15. Qd2 Qa6 16. Rb3 Rb8 17. e4 Bd7 18. Re1 Ba4 19. Rf3 Rbc8 20. Bf1 Bb5 21. Bh3 Qa4 22. d5 Rc2 23. Qe3 exd5 24. e5 d4 25. Qg5 Re2 26. exf6 Rxe1+ 27. Bf1 Rxf1+ 28. Kg2 Rg1+ 29. Kh3 Bd7+ 30. Kh4 g6 31. Qh6 d3+ 32. Rf4 Qxf4+ 33. Qxf4 Rh1 34. g4 h6 35. Kh3 g5 36. Qd4 Rg1 37. f3 d2 38. Qxd2 Bb5 0-1

[Event "Donner"]
[Site "Amsterdam Donner"]
[Date "1996.??.??"]
[Round "8"]
[White "Ivanchuk, Vassily"]
[Black "Adianto, Utut"]
[Result "1/2-1/2"]
[WhiteElo "2735"]
[BlackElo "2610"]
[PlyCount "47"]
[EventDate "1996.??.??"]
[Source "www.chesslib.no"]
[SourceDate "2004.05.04"]

1. Nf3 Nf6 2. c4 e6 3. Nc3 Bb4 4. g3 b6 5. Bg2 Bb7 6. O-O O-O 7. Qc2 c5 8. a3 Bxc3 9. Qxc3 d5 10. b4 Nbd7 11. d3 Rc8 12. Bb2 Re8 13. cxd5 exd5 14. Qd2 d4 15. Rfe1 Ne5 16. Bf1 Ba8 17. a4 Qd6 18. Ba3 Bc6 19. Bg2 Bd5 20. Nxd4 Ba2 21. e3 Nc6 22. Qd1 c4 23. Qd2 Re5 24. f4 1/2-1/2

[Event "Amsterdam"]
[Site "?"]
[Date "1996.??.??"]
[Round "?"]
[White "Ivanchuk, Vassily"]
[Black "Adianto, Utut"]
[Result "1/2-1/2"]
[WhiteElo "2735"]
[BlackElo "2610"]
[PlyCount "24"]
[EventDate "1996.??.??"]
[Source "www.chesslib.no"]
[SourceDate "2004.05.04"]

1. Nf3 Nf6 2. c4 e6 3. Nc3 Bb4 4. g3 b6 5. Bg2 Bb7 6. O-O O-O 7. Qc2 c5 8. a3 Bxc3 9. Qxc3 d5 10. b4 Nbd7 11. d3 Rc8 12. Bb2 Re8 1/2-1/2

[Event "YUG-chT"]
[Site "?"]
[Date "1998.??.??"]
[Round "3"]
[White "Beliavsky Alexander G"]
[Black "Sakaev Konstantin"]
[Result "1/2-1/2"]
[WhiteElo "2690"]
[BlackElo "2620"]
[PlyCount "120"]
[EventDate "1998.??.??"]
[Source "www.chesslib.no"]
[SourceDate "2004.05.04"]

1. Nf3 Nf6 2. c4 e6 3. Nc3 Bb4 4. Qc2 c5 5. a3 Ba5 6. g3 d5 7. Bg2 O-O 8. Na4 Na6 9. Nxc5 Nxc5 10. b4 dxc4 11. Qxc4 Nd3+ 12. Qxd3 Qxd3 13. exd3 Bc7 14. Bb2 Bd7 15. Be5 Rac8 16. O-O Bc6 17. d4 Nd5 18. Rfc1 f6 19. Bxc7 Rxc7 20. Ne1 Rfc8 21. Nd3 b6 22. Re1 Kf7 23. Rac1 g5 24. Bh3 Bd7 25. Rxc7 Rxc7 26. Rc1 Bb5 27. Rxc7+ Nxc7 28. Ne1 Bc4 29. Bf1 Bb3 30. f3 Nd5 31. Kf2 Ne7 32. Bd3 h6 33. Be4 Nc8 34. Bc2 Bd5 35. Bd3 Nd6 36. Nc2 f5 37. Ne3 Kf6 38. Ke2 Bb3 39. Nd1 Bd5 40. Nc3 Bc6 41. Ke3 Bd5 42. Ba6 Bc4 43. Bxc4 Nxc4+ 44. Kd3 Nxa3 45. d5 exd5 46. Nxd5+ Ke5 47. Nc3 f4 48. g4 b5 49. Ne2 Nc4 50. Nc3 Nd6 51. Ne2 Nc4 52. Nc3 Nd6 53. Ne2 a6 54. Nc3 Nc4 55. Ne4 Kd5 56. Nf6+ Ke6 57. Ne8 Kd7 58. Nf6+ Ke6 59. Ne8 Kd7 60. Nf6+ Ke6 1/2-1/2

[Event "Horgen SUI"]
[Site "Horgen SUI"]
[Date "1995.??.??"]
[Round "?"]
[White "Kramnik, Vladimir"]
[Black "Gulko, Boris F"]
[Result "1-0"]
[WhiteElo "2715"]
[BlackElo "2595"]
[PlyCount "51"]
[EventDate "1995.??.??"]
[Source "www.chesslib.no"]
[SourceDate "2004.05.04"]

1. Nf3 Nf6 2. c4 e6 3. Nc3 Bb4 4. g3 b6 5. Bg2 Bb7 6. O-O O-O 7. d3 d5 8. cxd5 exd5 9. Bf4 Re8 10. Nb5 Na6 11. Rc1 c6 12. Nbd4 Bc5 13. a3 Nh5 14. Bd2 Qd7 15. e3 Nf6 16. Bc3 Nc7 17. b4 Bd6 18. Qc2 Rac8 19. Qb2 Re7 20. Rfe1 c5 21. Ne2 Qe8 22. Ng5 Qc6 23. Rb1 Rd8 24. Nxf7 c4 25. Nc1 Nh5 26. e4 1-0

[Event "LXVI Campionato georgiano"]
[Site "Tbilisi GEO"]
[Date "2007.03.14"]
[Round "1"]
[White "Jobava, Ba"]
[Black "Giorgadze, G1."]
[Result "1/2-1/2"]
[WhiteElo "2650"]
[BlackElo "2610"]
[PlyCount "66"]
[EventDate "2007.03.14"]
[Source "www.chesslib.no"]
[SourceDate "2004.05.04"]

1. c4 e6 2. Nc3 Bb4 3. Nf3 Nf6 4. g3 O-O 5. Bg2 d5 6. cxd5 exd5 7. O-O d4 8. Nb5 Nc6 9. d3 a6 10. Na3 Bxa3 11. bxa3 Be6 12. Bb2 Re8 13. Qd2 Qd6 14. Rfc1 Rad8 15. Rc2 h6 16. Rac1 Bd5 17. Rc5 b6 18. R5c2 Nd7 19. a4 a5 20. Qf4 Qxf4 21. gxf4 Nc5 22. Ba3 Nb4 23. Bxb4 axb4 24. Ne5 Ne6 25. Nc6 Nxf4 26. Nxd8 Bxg2 27. Rxc7 Bd5 28. Rb1 Nxe2+ 29. Kf1 Nf4 30. Nc6 Bg2+ 31. Kg1 Re6 32. Ne7+ Kh7 33. Nf5 Bd5 1/2-1/2

[Event "Wch Team"]
[Site "Luzern"]
[Date "1993.??.??"]
[Round "2"]
[White "Gulko, Boris F"]
[Black "Romanishin, Oleg M"]
[Result "1/2-1/2"]
[WhiteElo "2635"]
[BlackElo "2615"]
[PlyCount "53"]
[EventDate "1993.10.??"]
[Source "www.chesslib.no"]
[SourceDate "2004.05.04"]

1. Nf3 Nf6 2. c4 e6 3. Nc3 Bb4 4. Qc2 c5 5. a3 Ba5 6. e3 O-O 7. b3 Bxc3 8. Qxc3 d6 9. d4 b6 10. Bb2 cxd4 11. exd4 Bb7 12. Be2 Nbd7 13. O-O Rc8 14. Qe3 Re8 15. Rfd1 Nf8 16. a4 Ng6 17. a5 b5 18. a6 Ba8 19. Ba3 Qb6 20. c5 dxc5 21. Bxc5 Qb8 22. g3 e5 23. b4 exd4 24. Qd3 Bd5 25. Nxd4 Bc4 26. Qf3 Ne4 27. Bxc4 1/2-1/2

[Event "Pula"]
[Site "?"]
[Date "1997.??.??"]
[Round "?"]
[White "Alterman, B."]
[Black "Rozentalis, E."]
[Result "1/2-1/2"]
[WhiteElo "2595"]
[BlackElo "2650"]
[PlyCount "51"]
[EventDate "1997.??.??"]
[Source "ChessBase"]
[SourceDate "1997.02.01"]

1. Nf3 Nf6 2. c4 e6 3. Nc3 Bb4 4. Qc2 O-O 5. a3 Bxc3 6. Qxc3 b6 7. g3 Bb7 8. Bg2 c5 9. b4 d6 10. O-O Nbd7 11. Bb2 Qe7 12. d3 Rac8 13. Rac1 Rfd8 14. Qb3 Ng4 15. e4 Nge5 16. Nd2 Nc6 17. f4 a5 18. b5 Nd4 19. Bxd4 cxd4 20. Qb2 e5 21. Bh3 Rc7 22. Bxd7 Rdxd7 23. Rf2 f5 24. Re1 fxe4 25. Nxe4 h6 26. a4 1/2-1/2

[Event "AUT Team Ch 9596"]
[Site "Austria"]
[Date "1996.??.??"]
[Round "?"]
[White "Chernin, Alexander M"]
[Black "Korchnoi, Viktor L"]
[Result "1-0"]
[WhiteElo "2595"]
[BlackElo "2645"]
[PlyCount "33"]
[EventDate "1995.??.??"]
[Source "www.chesslib.no"]
[SourceDate "2004.05.04"]

1. Nf3 Nf6 2. c4 e6 3. Nc3 Bb4 4. g3 O-O 5. Bg2 d5 6. Qb3 Nc6 7. cxd5 exd5 8. d4 h6 9. O-O Ba5 10. Bf4 Bb6 11. Rfe1 Bg4 12. Qa4 Re8 13. h3 Bxf3 14. Bxf3 g5 15. Bc1 Qd7 16. Bg2 Rad8 17. b3 1-0